Zion National Park : general management plan /

Saved in:
நூற்பட்டியல் விவரங்கள்
குழும எழுத்தாளர்கள்: United States. National Park Service. Denver Service Center., United States. National Park Service.
வடிவம்: புத்தகம்
மொழி:English
வெளியீடப்பட்டது: Washington, DC : National Park Service, Dept. of the Interior, 2001.
பகுதிகள்:
குறியீடுகள்: குறிச்சொல் இணை
குறியீடுகள் இல்லை, இந்த குறிச்சொல்லை முதலில் பதிவு செய்யுங்கள்!
LEADER 01183cam a2200337 a 4500
001 011832995-2
005 20090218104412.0
008 011207s2001 dcuab b f000 0 eng c
035 0 |a ocm48555839 
040 |a UWB  |c UWB  |d GPO  |d OCLCQ 
042 |a pcc 
043 |a n-us-ut 
050 4 |a F832.Z8  |b Z56 2001 
074 |a 0651-B-05 
082 0 4 |a 917.9248  |b United 
086 0 |a I 29.79/3:Z 6/3 
110 1 |a United States.  |b National Park Service.  |b Denver Service Center. 
245 1 0 |a Zion National Park :  |b general management plan /  |c produced by the Denver Service Center, National Park Service. 
260 |a Washington, DC :  |b National Park Service, Dept. of the Interior,  |c 2001. 
300 |a 86 p. :  |b ill. (some col.), col. maps (5 folded) ;  |c 28 cm. 
500 |a "August 2001"--P. [3] of cover. 
500 |a Shipping list no.: 2002-0055-P. 
504 |a Includes bibliographical references (p. 86). 
500 |a "NPS D-190"--P. [3] of cover. 
651 0 |a Zion National Park (Utah) 
650 0 |a National parks and reserves  |z Utah. 
650 0 |a Land use  |z Utah. 
710 1 |a United States.  |b National Park Service. 
988 |a 20090218 
049 |a HLSS 
906 |0 OCLC